2009 MLB Playoff Lineups - Statistics

General Stats
  • This quiz has been taken 37 times
  • The average score is 49 of 104
Answer Stats
Hint Hint Answer % Correct
New York Yankees SS Derek Jeter
100%
New York Yankees 3B Alex Rodriguez
95%
Boston Red Sox DH David Ortiz
89%
St. Louis Cardinals 1B Albert Pujols
84%
New York Yankees SP C.C. Sabathia
84%
Boston Red Sox 2B Dustin Pedroia
84%
Minnesota Twins C Joe Mauer
84%
New York Yankees 1B Mark Teixeira
84%
St. Louis Cardinals C Yadier Molina
84%
St. Louis Cardinals SP Adam Wainwright
79%
Philadelphia Phillies 2B Chase Utley
79%
Philadelphia Phillies SS Jimmy Rollins
79%
New York Yankees C Jorge Posada
79%
St. Louis Cardinals LF Matt Holliday
79%
New York Yankees 2B Robinson Cano
79%
Philadelphia Phillies 1B Ryan Howard
79%
New York Yankees SP Andy Pettitte
74%
St. Louis Cardinals SP Chris Carpenter
74%
Boston Red Sox CF Jacoby Ellsbury
74%
Los Angeles Angels SP Jered Weaver
74%
Los Angeles Angels SP John Lackey
74%
New York Yankees CF Melky Cabrera
74%
Minnesota Twins SS Orlando Cabrera
74%
Philadelphia Phillies SP Pedro Martinez
74%
Los Angeles Angels DH Vladimir Guerrero
74%
Los Angeles Dodgers SP Clayton Kershaw
68%
New York Yankees DH Hideki Matsui
68%
New York Yankees MGR Joe Girardi
68%
New York Yankees LF Johnny Damon
68%
Boston Red Sox SP Jon Lester
68%
Boston Red Sox SP Josh Beckett
68%
Los Angeles Dodgers LF Manny Ramirez
68%
Los Angeles Dodgers CF Matt Kemp
68%
Los Angeles Dodgers C Russell Martin
68%
Colorado Rockies 1B Todd Helton
68%
St. Louis Cardinals MGR Tony LaRussa
68%
Boston Red Sox SS Alex Gonzalez
63%
Colorado Rockies LF Carlos Gonzalez
63%
Colorado Rockies SP Jason Hammel
63%
Boston Red Sox RF J.D. Drew
63%
Philadelphia Phillies CF Shane Victorino
63%
Los Angeles Angels CF Torii Hunter
63%
Colorado Rockies SS Troy Tulowitzki
63%
Boston Red Sox C Victor Martinez
63%
New York Yankees SP A.J. Burnett
58%
Boston Red Sox SP Clay Buchholz
58%
Philadelphia Phillies SP Cliff Lee
58%
Philadelphia Phillies SP Cole Hamels
58%
Boston Red Sox 1B Kevin Youkilis
58%
Boston Red Sox 3B Mike Lowell
58%
Los Angeles Angels MGR Mike Scioscia
58%
Boston Red Sox MGR Terry Francona
58%
Los Angeles Dodgers RF Andre Ethier
53%
Philadelphia Phillies MGR Charlie Manuel
53%
New York Yankees RF Nick Swisher
53%
Colorado Rockies SP Ubaldo Jimenez
53%
Los Angeles Dodgers MGR Joe Torre
47%
Los Angeles Dodgers SS Rafael Furcal
47%
Philadelphia Phillies C Carlos Ruiz
42%
Los Angeles Angels 3B Chone Figgins
42%
Boston Red Sox LF Jason Bay
42%
Los Angeles Angels 1B Kendrys Morales
42%
Minnesota Twins MGR Ron Gardenhire
42%
Philadelphia Phillies RF Jayson Werth
37%
Los Angeles Angels RF Bobby Abreu
32%
Los Angeles Dodgers 1B James Loney
32%
Minnesota Twins 1B Michael Cuddyer
32%
Philadelphia Phillies LF Raul Ibañez
32%
Minnesota Twins CF Carlos Gomez
26%
Minnesota Twins RF Denard Span
26%
Los Angeles Angels SS Erick Aybar
26%
Los Angeles Angels 2B Howie Kendrick
26%
Los Angeles Angels C Jeff Mathis
26%
Philadelphia Phillies SP Joe Blanton
26%
Philadelphia Phillies 3B Pedro Feliz
26%
Minnesota Twins LF Delmon Young
21%
Colorado Rockies 3B Garrett Atkins
21%
Philadelphia Phillies SP J.A. Happ
21%
Minnesota Twins DH Jason Kubel
21%
St. Louis Cardinals SS Brendan Ryan
16%
Los Angeles Dodgers 3B Casey Blake
16%
Colorado Rockies CF Dexter Fowler
16%
Los Angeles Angels SP Joe Saunders
16%
Los Angeles Angels LF Juan Rivera
16%
Minnesota Twins 2B Nick Punto
16%
Los Angeles Dodgers SP Vicente Padilla
16%
Minnesota Twins 3B Brendan Harris
11%
Minnesota Twins SP Carl Pavano
11%
Colorado Rockies 2B Clint Barmes
11%
St. Louis Cardinals CF Colby Rasmus
11%
Los Angeles Dodgers SP Hiroki Kuroda
11%
Colorado Rockies MGR Jim Tracy
11%
Los Angeles Dodgers 2B Ronnie Belliard
11%
St. Louis Cardinals RF Ryan Ludwick
11%
Colorado Rockies C Yorvit Torrealba
11%
Colorado Rockies SP Aaron Cook
5%
Minnesota Twins SP Brian Duensing
5%
Minnesota Twins SP Nick Blackburn
5%
Los Angeles Dodgers SP Randy Wolf
5%
Colorado Rockies RF Ryan Spilborghs
5%
Los Angeles Angels SP Scott Kazmir
5%
St. Louis Cardinals 2B Skip Schumaker
5%
St. Louis Cardinals SP Joel Piñeiro
0%
St. Louis Cardinals 3B Mark DeRosa
0%
No matching quizzes found
Score Distribution
Percent of People with Each Score
Percentile by Number Answered
Your Score History
You have not taken this quiz